000 01239cam a2200349 i 4500
001 4238
003 FISKH
005 20240708084041.0
008 141110s2015 nyuab j b 000 0 eng
010 _a 2014044375
020 _a9780448483559 (pbk)
020 _a9780448483559
040 _aDLC
_beng
_cDLC
_erda
_dDLC
050 _aF204.W5
082 _a975.3
100 1 _aStine, Megan.
245 1 0 _aWhere is the White House? /
_cby Megan Stine ; Illustrated by David Groff.
260 _aNew York :
_bGrosset & Dunlap,
_c2015
300 _a108 pages :
_billustrations, map ;
_c21 cm
336 _atext
_2rdacontent
337 _aunmediated
_2rdamedia
338 _avolume
_2rdacarrier
504 _aIncludes bibliographical references.
520 _aAn introduction to the official residence and workplace of the president of the United States.
650 0 _aPresidents
_zUnited States
_vJuvenile literature.
651 0 _aWhite House (Washington, D.C.)
_xHistory
_vJuvenile literature.
651 0 _aWashington (D.C.)
_xBuildings, structures, etc.
_vJuvenile literature.
700 1 _aGroff, David,
_d1956-
_eillustrator.
906 _a7
_bcbc
_corignew
_d1
_eecip
_f20
_gy-gencatlg
942 _2ddc
_cBK
_n0
999 _c4238
_d4238